[Event "SportAccord Blitz Men 2013"]
[Site "Beijing CHN"]
[Date "2013.12.14"]
[Round "9.1"]
[White "Le, Quang Liem"]
[Black "Aronian, Levon"]
[Result "0-1"]
[WhiteTitle "GM"]
[BlackTitle "GM"]
[WhiteElo "2703"]
[BlackElo "2803"]
[WhiteFideId "12401137"]
[BlackFideId "13300474"]
[EventDate "2013.12.14"]

1. d4 Nf6 2. c4 e6 3. g3 d5 4. Bg2 Be7 5. Nf3 O-O 6. O-O dxc4 7. Qc2 a6 8. Qxc4
b5 9. Qc2 Bb7 10. Bd2 Bd6 11. a3 Nbd7 12. Ba5 Qb8 13. b4 e5 14. Nbd2 exd4 15.
Nxd4 Bxg2 16. Kxg2 c5 17. bxc5 Bxc5 18. N2b3 Qb7+ 19. Kg1 Bxd4 20. Nxd4 Rac8 21.
Qf5 Nb6 22. Bxb6 Qxb6 23. Rad1 Rc3 24. Rd3 g6 25. Qf3 Rxd3 26. Qxd3 Rc8 27. Rd1
Kg7 28. Qe3 Qc5 29. Rd3 Qc1+ 30. Qxc1 Rxc1+ 31. Kg2 Ne4 32. Nb3 Rc4 33. Nd2 Nxd2
34. Rxd2 Rc3 35. a4 bxa4 36. Rd6 a5 37. Rd5 Kf6 38. Rxa5 a3 39. e3 Ke6 40. Kf3
f5 41. h4 Kd6 42. Ke2 Kc6 43. Kd2 Rb3 44. Kc2 Rb2+ 45. Kc3 Rxf2 46. Rxa3 Rf3 47.
Kd4 Rxg3 48. Ra6+ Kb7 49. Rf6 Rg4+ 50. Kc5 Rxh4 51. Rf7+ Ka6 52. Rg7 Rh3 53. Kd5
Rxe3 54. Rxh7 Kb5 55. Rb7+ Ka4 56. Rg7 Rg3 57. Kc4 Rg4+ 58. Kd3 Kb5 59. Ke3 Kc5
60. Kf3 Kd6 61. Ra7 Ke5 62. Ra6 g5 63. Ra5+ Kf6 64. Ra6+ Kg7 65. Ra7+ Kg6 66.
Ra6+ Kh5 67. Ra8 Rf4+ 68. Kg3 Rb4 69. Rh8+ Kg6 70. Rg8+ Kh6 71. Kf3 Rb3+ 72. Kf2
g4 73. Kg2 Kh5 74. Kf2 Kh4 75. Rh8+ Kg5 76. Ra8 Rb2+ 77. Kf1 Kh4 78. Ra3 f4 0-1

[Event "SportAccord Blitz Men 2013"]
[Site "Beijing CHN"]
[Date "2013.12.14"]
[Round "9.2"]
[White "Grischuk, Alexander"]
[Black "Kamsky, Gata"]
[Result "0-1"]
[WhiteTitle "GM"]
[BlackTitle "GM"]
[WhiteElo "2783"]
[BlackElo "2721"]
[WhiteFideId "4126025"]
[BlackFideId "2000024"]
[EventDate "2013.12.14"]

1. e4 c6 2. d4 d5 3. e5 Bf5 4. Be2 e6 5. Nf3 Ne7 6. O-O h6 7. Nbd2 Nd7 8. Nb3
Bg6 9. Bd2 Nf5 10. Ba5 Qc8 11. Rc1 Be7 12. g4 Nh4 13. Nxh4 Bxh4 14. f4 Nb6 15.
Bb4 Na4 16. Rb1 Qd7 17. Bd3 Bxd3 18. cxd3 Be7 19. Bxe7 Qxe7 20. Nd2 Nb6 21. Nf3
g6 22. Rc1 Qb4 23. Qe2 O-O-O 24. a3 Qa4 25. Rc3 Kb8 26. Ra1 Nd7 27. b3 Qa5 28.
Qc2 Qb6 29. b4 a6 30. Kg2 g5 31. Qd2 Rdg8 32. Kh1 Nf8 33. Rc5 Qd8 34. f5 h5 35.
f6 hxg4 36. Nxg5 Rh5 37. Nxf7 Qd7 38. Nd6 g3 39. h4 Rxh4+ 40. Kg1 Qh7 41. Qg2
Rh2 42. Qf3 Rf2 43. Qh1 Rh2 44. Qf3 Qh3 45. f7 Rh8 0-1

[Event "SportAccord Blitz Men 2013"]
[Site "Beijing CHN"]
[Date "2013.12.14"]
[Round "9.3"]
[White "Nepomniachtchi, Ian"]
[Black "Leko, Peter"]
[Result "1-0"]
[WhiteTitle "GM"]
[BlackTitle "GM"]
[WhiteElo "2721"]
[BlackElo "2730"]
[WhiteFideId "4168119"]
[BlackFideId "703303"]
[EventDate "2013.12.14"]

1. c4 c5 2. Nf3 Nf6 3. Nc3 Nc6 4. g3 d5 5. cxd5 Nxd5 6. Bg2 g6 7. h4 Bg7 8. h5
Bf5 9. Qb3 Ndb4 10. Kf1 Be6 11. Qd1 Qd7 12. Ng5 Bf5 13. Nge4 Na6 14. d3 Rc8 15.
Be3 b6 16. Rc1 Nd4 17. a3 gxh5 18. Rxh5 O-O 19. Bh6 Bg6 20. Bxg7 Kxg7 21. Rh4 f5
22. Ng5 Nc7 23. Nf3 Nxf3 24. Bxf3 Qd6 25. Qd2 Qf6 26. Kg2 Rcd8 27. Rch1 Kg8 28.
b4 c4 29. Rxc4 Ne6 30. Nd5 Qg7 31. Rch4 Nd4 32. Rxd4 Qxd4 33. Nxe7+ 1-0

[Event "SportAccord Blitz Men 2013"]
[Site "Beijing CHN"]
[Date "2013.12.14"]
[Round "9.4"]
[White "Mamedyarov, Shakhriyar"]
[Black "Wang, Hao"]
[Result "1-0"]
[WhiteTitle "GM"]
[BlackTitle "GM"]
[WhiteElo "2757"]
[BlackElo "2735"]
[WhiteFideId "13401319"]
[BlackFideId "8602883"]
[EventDate "2013.12.14"]

1. d4 d5 2. c4 c6 3. Nf3 Nf6 4. Nbd2 g6 5. e3 Bg7 6. Bd3 O-O 7. O-O b6 8. b4 a5
9. b5 cxb5 10. cxb5 Bb7 11. Ba3 Nbd7 12. Rc1 Re8 13. Ne5 Nxe5 14. dxe5 Nd7 15.
f4 e6 16. Nb3 Bf8 17. Bxf8 Rxf8 18. Nd4 Nc5 19. Bb1 Qe7 20. Qg4 Kh8 21. Rf3 f5
22. exf6 Rxf6 23. Rh3 Rg8 24. Qg5 Rf7 25. Qe5+ Qf6 26. Qd6 e5 27. Qxf6+ Rxf6 28.
fxe5 Rf7 29. Rf3 Kg7 30. Rcf1 Re7 31. e6 Rge8 32. Rf7+ Kg8 33. R1f6 Bc8 34. Bxg6
hxg6 35. Rxg6+ Kh8 36. Rh6+ Kg8 37. Rhh7 Rxe6 38. Rfg7+ Kf8 39. Nf5 1-0

[Event "SportAccord Blitz Men 2013"]
[Site "Beijing CHN"]
[Date "2013.12.14"]
[Round "9.5"]
[White "Wang, Yue"]
[Black "Ponomariov, Ruslan"]
[Result "1/2-1/2"]
[WhiteTitle "GM"]
[BlackTitle "GM"]
[WhiteElo "2723"]
[BlackElo "2731"]
[WhiteFideId "8601429"]
[BlackFideId "14103320"]
[EventDate "2013.12.14"]

1. c4 f5 2. d4 Nf6 3. g3 g6 4. Bg2 Bg7 5. Nh3 O-O 6. Nc3 Nc6 7. O-O e6 8. d5 Ne5
9. b3 Nf7 10. Ba3 Re8 11. dxe6 dxe6 12. Qc2 c6 13. Rad1 Qa5 14. Bb2 e5 15. a3
Qc7 16. e4 f4 17. f3 Be6 18. Ne2 g5 19. Nf2 a5 20. Bh3 h5 21. Bxe6 Rxe6 22. Kg2
g4 23. Rd3 gxf3+ 24. Rxf3 Ng5 25. gxf4 Nxf3 26. Kxf3 Ng4 27. Rg1 Rg6 28. Nxg4
hxg4+ 29. Kg3 exf4+ 30. Nxf4 Rf8 31. e5 Rg5 32. Ne6 Bxe5+ 33. Kg2 Qe7 34. Nxg5
Qxg5 35. Bxe5 Qxe5 36. Qg6+ Qg7 37. Qe6+ Kh7 38. Kh1 Rf4 39. Rd1 Rf7 40. Rg1 Rf4
41. Rd1 Rf7 42. Rg1 Rf4 43. Rd1 Rf7 44. Rg1 1/2-1/2

[Event "SportAccord Blitz Men 2013"]
[Site "Beijing CHN"]
[Date "2013.12.14"]
[Round "9.6"]
[White "Ivanchuk, Vassily"]
[Black "Vachier-Lagrave, Maxime"]
[Result "0-1"]
[WhiteTitle "GM"]
[BlackTitle "GM"]
[WhiteElo "2731"]
[BlackElo "2745"]
[WhiteFideId "14100010"]
[BlackFideId "623539"]
[EventDate "2013.12.14"]

1. g3 g6 2. Bg2 Bg7 3. c4 Nf6 4. Nc3 e5 5. e4 d6 6. Nge2 O-O 7. O-O Nc6 8. d3
Be6 9. h3 Nd7 10. Nd5 f5 11. Rb1 fxe4 12. dxe4 a5 13. Be3 Kh8 14. Qd2 Nc5 15. b3
Qd7 16. Kh2 Rf7 17. Rbd1 Re8 18. h4 Ref8 19. f3 Qc8 20. Rfe1 Bd7 21. Rf1 Ne6 22.
Ng1 Ned4 23. Bxd4 Nxd4 24. Qxa5 c6 25. Nb6 Qd8 26. c5 Be6 27. Qc3 Bf6 28. Bh3
Bxh3 29. Kxh3 d5 30. b4 Bxh4 31. gxh4 Rf4 32. Rxd4 Rxh4+ 33. Kg2 Qg5+ 34. Kf2
Rh2+ 35. Ke1 exd4 36. Qxd4+ Kg8 37. Ne2 dxe4 38. f4 Qh4+ 39. Kd1 Rh3 0-1

[Event "SportAccord Blitz Men 2013"]
[Site "Beijing CHN"]
[Date "2013.12.14"]
[Round "9.7"]
[White "Karjakin, Sergey"]
[Black "Giri, Anish"]
[Result "1-0"]
[WhiteTitle "GM"]
[BlackTitle "GM"]
[WhiteElo "2756"]
[BlackElo "2734"]
[WhiteFideId "14109603"]
[BlackFideId "24116068"]
[EventDate "2013.12.14"]

1. Nf3 g6 2. e4 c5 3. c3 Nf6 4. e5 Nd5 5. d4 cxd4 6. Qxd4 Nc7 7. Bc4 Bg7 8. Qe4
O-O 9. O-O d5 10. exd6 exd6 11. Bg5 Qd7 12. Qh4 d5 13. Bb3 Nc6 14. Nbd2 Qg4 15.
h3 Qxh4 16. Bxh4 Be6 17. Ng5 Bf5 18. g4 Bd3 19. Rfe1 h6 20. Ngf3 d4 21. cxd4 Nb5
22. Re3 g5 23. Rxd3 gxh4 24. d5 Nb4 25. Re3 Rad8 26. Nxh4 Nxd5 27. Bxd5 Rxd5 28.
Ne4 Nd4 29. Rc1 f5 30. gxf5 Nxf5 31. Nxf5 Rfxf5 32. b3 Rf7 33. Kg2 Rfd7 34. Rc2
Kh7 35. Rf3 Re7 36. Ng3 Kg6 37. Ne2 Kh7 38. Ng3 Kg6 39. a4 h5 40. Rc4 Rde5 41.
Rd3 Bf6 42. Rd6 R5e6 43. Rxe6 Rxe6 44. Ne4 Be7 45. Nc3 Bd8 46. Rc8 Bf6 47. Nd5
Be5 48. Rd8 Kf5 49. Rd7 Ke4 50. f3+ Kf5 51. Rf7+ Kg6 52. Rxb7 a5 53. Rb5 Bd6 54.
Rxa5 Re2+ 55. Kf1 Rd2 56. Ne3 Bg3 57. Nc4 Rf2+ 58. Kg1 Rxf3 59. Rb5 h4 60. a5
Rf2 61. a6 Rc2 62. Ra5 Bf2+ 63. Kf1 Ba7 64. Rb5 Ra2 65. Na5 Kf6 66. b4 Ra3 67.
Rb7 Bd4 68. Nc6 Be3 69. b5 Bc5 70. a7 Bxa7 71. Rxa7 Rxh3 72. b6 Rb3 73. b7 Rb1+
74. Kg2 Rb2+ 75. Kh3 1-0

[Event "SportAccord Blitz Men 2013"]
[Site "Beijing CHN"]
[Date "2013.12.14"]
[Round "9.8"]
[White "Radjabov, Teimour"]
[Black "Dominguez Perez, Leinier"]
[Result "1/2-1/2"]
[WhiteTitle "GM"]
[BlackTitle "GM"]
[WhiteElo "2713"]
[BlackElo "2754"]
[WhiteFideId "13400924"]
[BlackFideId "3503240"]
[EventDate "2013.12.14"]

1. Nf3 c5 2. c4 Nf6 3. Nc3 g6 4. d4 cxd4 5. Nxd4 d5 6. cxd5 Nxd5 7. Ndb5 Nxc3 8.
Qxd8+ Kxd8 9. Nxc3 Bg7 10. Bd2 Be6 11. g3 Nc6 12. Bg2 Ke8 13. O-O-O f5 14. Kb1
Kf7 15. Na4 Rad8 16. Bc3 Bxc3 17. Nxc3 Rxd1+ 18. Rxd1 Rc8 19. Rc1 Nd8 20. b3 Bd7
21. Kb2 e6 22. e4 Ke7 23. exf5 gxf5 24. a4 a6 25. Re1 Bc6 26. Bf1 Kf6 27. f4 Nf7
28. Bd3 Nd6 29. Re3 Rd8 30. Kc2 Rc8 31. Kb2 Rd8 32. b4 Rc8 33. Kb3 h6 34. Re5
Nf7 35. Re3 Nd6 36. b5 axb5 37. axb5 Bg2 38. Kb4 Bh1 39. Re1 Bf3 40. Re3 Bg2 41.
Re5 Bf3 42. Rc5 Rd8 43. Re5 Rc8 44. Re3 Bg2 45. Re1 Bf3 46. Re3 Bg2 47. Re1 Bf3
48. Re3 Bg2 1/2-1/2

[Event "SportAccord Blitz Men 2013"]
[Site "Beijing CHN"]
[Date "2013.12.14"]
[Round "10.1"]
[White "Aronian, Levon"]
[Black "Dominguez Perez, Leinier"]
[Result "1-0"]
[WhiteTitle "GM"]
[BlackTitle "GM"]
[WhiteElo "2803"]
[BlackElo "2754"]
[WhiteFideId "13300474"]
[BlackFideId "3503240"]
[EventDate "2013.12.14"]

1. Nf3 Nf6 2. g3 b6 3. Bg2 Bb7 4. c4 c5 5. b3 g6 6. Bb2 Bg7 7. O-O O-O 8. d4
cxd4 9. Qxd4 d6 10. Nc3 Ne4 11. Qe3 Nxc3 12. Bxc3 Nd7 13. Bxg7 Kxg7 14. Rad1 Rc8
15. h4 Nf6 16. Qd4 Qc7 17. Bh3 Rcd8 18. Rc1 Qc5 19. Qb2 Kg8 20. Nd4 Qe5 21. Bg2
Bxg2 22. Kxg2 Rc8 23. Rfd1 Rfd8 24. b4 d5 25. c5 bxc5 26. bxc5 Ne4 27. c6 Qf6
28. e3 Rd6 29. f3 Nxg3 30. Kxg3 Qe5+ 31. Kg2 Rdxc6 32. Rxc6 Rxc6 33. Rc1 Rxc1
34. Qxc1 Kg7 35. Nc6 Qf6 36. Qc5 Qxh4 37. Qxe7 Qh5 38. Ne5 Qf5 39. Nd7 h5 40.
Qe5+ Qxe5 41. Nxe5 Kf6 42. Nc6 a6 43. Nb4 Ke5 44. Nxa6 d4 45. exd4+ Kxd4 46. a4
Kc4 47. Nb8 Kb4 48. Nc6+ Kxa4 49. Ne5 f6 50. Nxg6 Kb5 51. Nf4 Kc5 52. Nxh5 f5
53. Ng7 f4 54. Ne6+ Kd5 55. Nxf4+ Ke5 56. Kg3 Kf5 57. Nd3 Kg5 58. f4+ Kf5 59.
Kf3 1-0

[Event "SportAccord Blitz Men 2013"]
[Site "Beijing CHN"]
[Date "2013.12.14"]
[Round "10.2"]
[White "Giri, Anish"]
[Black "Radjabov, Teimour"]
[Result "1/2-1/2"]
[WhiteTitle "GM"]
[BlackTitle "GM"]
[WhiteElo "2734"]
[BlackElo "2713"]
[WhiteFideId "24116068"]
[BlackFideId "13400924"]
[EventDate "2013.12.14"]

1. d4 Nf6 2. Nf3 g6 3. g3 Bg7 4. Bg2 d5 5. O-O O-O 6. c4 c6 7. b3 Ne4 8. Bb2 Bf5
9. e3 Nd7 10. Qe2 a5 11. Nc3 Nxc3 12. Bxc3 Be4 13. cxd5 cxd5 14. Qb5 Qc7 15.
Rfc1 Qc6 16. Qe2 Rfc8 17. Bh3 Bxf3 18. Qxf3 e6 19. a4 Qb6 20. Qd1 Bf8 21. Bf1
Bb4 22. Bb2 Nf6 23. Rxc8+ Rxc8 24. Rc1 Rc7 25. Bd3 Qd6 26. Rxc7 Qxc7 27. Qc2
Qxc2 28. Bxc2 g5 29. h3 h5 30. f3 g4 31. hxg4 hxg4 32. Kf2 Kf8 33. Bc1 Ke7 34.
Bd3 b6 35. Bc2 Kd7 36. Bd3 Ke7 37. Bc2 Kd7 38. Bd3 Ke7 1/2-1/2

[Event "SportAccord Blitz Men 2013"]
[Site "Beijing CHN"]
[Date "2013.12.14"]
[Round "10.3"]
[White "Vachier-Lagrave, Maxime"]
[Black "Karjakin, Sergey"]
[Result "0-1"]
[WhiteTitle "GM"]
[BlackTitle "GM"]
[WhiteElo "2745"]
[BlackElo "2756"]
[WhiteFideId "623539"]
[BlackFideId "14109603"]
[EventDate "2013.12.14"]

1. e4 e5 2. Nf3 Nc6 3. Bb5 a6 4. Ba4 Nf6 5. O-O Be7 6. Re1 b5 7. Bb3 O-O 8. a4
b4 9. d4 d6 10. h3 exd4 11. Nxd4 Na5 12. Ba2 c5 13. Nb3 Nc6 14. Bf4 Be6 15. N3d2
d5 16. e5 Nd7 17. Nf3 c4 18. Nbd2 Nc5 19. Nf1 Nxa4 20. Qc1 Nc5 21. Ng3 a5 22.
Nh5 Bf5 23. Ng3 Bg6 24. Bb1 Ne6 25. c3 d4 26. cxb4 axb4 27. Rxa8 Qxa8 28. Be4 c3
29. bxc3 dxc3 30. Nf5 Bxf5 31. Bxf5 Qa3 32. Qe3 Ncd8 33. Bh6 g6 34. Bxf8 Bxf8
35. Be4 Bc5 36. Qd3 Kg7 37. g3 Qa7 38. Re2 Nd4 39. Nxd4 Bxd4 40. Bd5 Qc5 41. Bb3
Ne6 42. Qe4 Qb6 43. Qd5 Bc5 44. Kg2 Qc7 45. Re4 Be7 46. Rc4 Qa7 47. Rc6 Qd4 48.
Qf3 Qxe5 49. Bxe6 fxe6 50. Rb6 Qd5 51. Qxd5 exd5 52. Rc6 d4 53. Kf3 b3 0-1

[Event "SportAccord Blitz Men 2013"]
[Site "Beijing CHN"]
[Date "2013.12.14"]
[Round "10.5"]
[White "Wang, Hao"]
[Black "Wang, Yue"]
[Result "1/2-1/2"]
[WhiteTitle "GM"]
[BlackTitle "GM"]
[WhiteElo "2735"]
[BlackElo "2723"]
[WhiteFideId "8602883"]
[BlackFideId "8601429"]
[EventDate "2013.12.14"]

1. d4 d5 2. c4 c6 3. Nf3 Nf6 4. e3 g6 5. Nc3 Bg7 6. Be2 O-O 7. O-O a6 8. b3 Ne4
9. Bb2 Nxc3 10. Bxc3 Bg4 11. h3 Bxf3 12. Bxf3 e6 13. Qd2 Nd7 14. Ba5 Qf6 15. Bc7
Rfc8 16. Bg3 Qe7 17. Rac1 Bf8 18. Rc2 Qb4 19. Qc1 Re8 20. Rd1 Bd6 21. Bh4 Be7
22. Bg3 Bd6 23. Bxd6 Qxd6 24. Qb2 a5 25. a3 Nf6 26. Rb1 Ra7 27. b4 axb4 28. axb4
Rea8 29. c5 Qe7 30. b5 Nd7 31. b6 Ra5 32. Rcc1 Ra2 33. Qc3 R8a3 34. Rb3 Ra5 35.
Rbb1 Qd8 36. Ra1 Qa8 37. Rxa2 Rxa2 38. e4 dxe4 39. Bxe4 Qa3 40. Qe1 h5 41. Bf3
Kf8 42. Rd1 Ke7 43. Qe4 Ra1 44. Rxa1 Qxa1+ 45. Kh2 Qc1 46. Qh4+ Nf6 47. Qg3 Kf8
48. Qd6+ Kg7 49. Qe5 Qb2 50. Kg1 h4 51. g4 hxg3 52. fxg3 Qc1+ 53. Kh2 Qd2+ 54.
Bg2 Qf2 55. Qc7 Nd5 56. Qe5+ Kh7 57. Qe4 Ne3 58. Qf3 Nf1+ 59. Kh1 Nxg3+ 60. Kh2
Nf1+ 61. Kh1 Ng3+ 62. Kh2 Nf1+ 63. Kh1 1/2-1/2

[Event "SportAccord Blitz Men 2013"]
[Site "Beijing CHN"]
[Date "2013.12.14"]
[Round "10.6"]
[White "Leko, Peter"]
[Black "Mamedyarov, Shakhriyar"]
[Result "0-1"]
[WhiteTitle "GM"]
[BlackTitle "GM"]
[WhiteElo "2730"]
[BlackElo "2757"]
[WhiteFideId "703303"]
[BlackFideId "13401319"]
[EventDate "2013.12.14"]

1. e4 c6 2. d4 d5 3. Nc3 dxe4 4. Nxe4 Bf5 5. Ng3 Bg6 6. h4 h6 7. Nf3 Nf6 8. Ne5
Bh7 9. Bd3 Nbd7 10. Bxh7 Nxe5 11. dxe5 Qa5+ 12. Kf1 Nxh7 13. e6 Nf6 14. exf7+
Kxf7 15. Qe2 e6 16. Rh3 Rd8 17. Bf4 Qb4 18. c4 Rd4 19. Be5 Rd2 20. Qf3 Qxc4+ 21.
Kg1 Bc5 22. Rf1 Qd5 23. Qf4 Rxf2 24. Rxf2 Bxf2+ 25. Qxf2 Qxe5 26. Qxa7 Qxb2 27.
Nf1 e5 28. Rb3 Qd4+ 29. Qxd4 exd4 30. Rxb7+ Ke6 31. Rxg7 Ra8 32. g4 c5 33. Rg6
Kf7 34. h5 c4 35. Rxh6 Rg8 36. Rg6 c3 0-1

[Event "SportAccord Blitz Men 2013"]
[Site "Beijing CHN"]
[Date "2013.12.14"]
[Round "10.7"]
[White "Kamsky, Gata"]
[Black "Nepomniachtchi, Ian"]
[Result "1/2-1/2"]
[WhiteTitle "GM"]
[BlackTitle "GM"]
[WhiteElo "2721"]
[BlackElo "2721"]
[WhiteFideId "2000024"]
[BlackFideId "4168119"]
[EventDate "2013.12.14"]

1. d4 g6 2. Nf3 Bg7 3. e4 d6 4. c3 Nf6 5. Bd3 O-O 6. O-O Nc6 7. h3 e5 8. Re1 h6
9. Nbd2 Nh5 10. dxe5 dxe5 11. Bf1 Qe7 12. Nc4 Be6 13. b3 Rfd8 14. Qc2 Nf4 15. a4
a5 16. Ba3 Qf6 17. Nh2 h5 18. Rad1 Bf8 19. Bxf8 Kxf8 20. Ne3 Ne7 21. Rxd8+ Rxd8
22. Rd1 Nc8 23. Kh1 Rxd1 24. Qxd1 Nd6 25. Qc2 h4 26. Neg4 Bxg4 27. Nxg4 Qe6 28.
Ne3 Kg7 29. Kh2 c6 30. Bc4 Qf6 31. b4 Nh5 32. bxa5 Qf4+ 33. Kg1 Nxe4 34. a6 bxa6
35. Bxa6 Nhf6 36. a5 Nc5 37. Bc4 Nd5 38. Bxd5 cxd5 39. Nxd5 Qc4 40. Ne3 Qa6 41.
Qa2 Nb7 42. Nc4 f6 43. Qa4 Nc5 44. Qb4 Nd3 45. Qe7+ Kh6 46. Ne3 Kg5 47. Qd7 Nf4
48. Qg4+ Kh6 49. Qxh4+ Kg7 50. Ng4 Nh5 51. Ne3 Nf4 52. Qg4 Qxa5 53. Qd7+ Kf8 54.
g3 Ne2+ 55. Kf1 Nxc3 56. Qc6 Qb5+ 57. Qxb5 Nxb5 1/2-1/2

[Event "SportAccord Blitz Men 2013"]
[Site "Beijing CHN"]
[Date "2013.12.14"]
[Round "10.8"]
[White "Le, Quang Liem"]
[Black "Grischuk, Alexander"]
[Result "0-1"]
[WhiteTitle "GM"]
[BlackTitle "GM"]
[WhiteElo "2703"]
[BlackElo "2783"]
[WhiteFideId "12401137"]
[BlackFideId "4126025"]
[EventDate "2013.12.14"]

1. d4 Nf6 2. c4 g6 3. Nc3 Bg7 4. e4 d6 5. Nf3 O-O 6. Be2 e5 7. O-O Nc6 8. d5 Ne7
9. b4 Nh5 10. g3 h6 11. Nh4 Nf6 12. c5 Bh3 13. Ng2 c6 14. Bc4 Rc8 15. Ba3 cxd5
16. exd5 Nf5 17. Re1 a5 18. Ne3 axb4 19. Bxb4 dxc5 20. Ba3 Nd4 21. Bb2 Ne8 22.
a4 Nd6 23. Bf1 Bxf1 24. Nxf1 e4 25. Rb1 Nf3+ 26. Kg2 Nxe1+ 27. Qxe1 f5 28. Ne2
Bxb2 29. Rxb2 g5 30. Kg1 Nc4 31. Rxb7 Qxd5 32. Qb1 Rf7 33. Rb3 Rd8 34. Rc3 Ne5
35. Ne3 Qc6 36. Qa2 Kg7 37. Rc1 f4 38. Nc4 Nf3+ 39. Kh1 e3 40. Na5 Qa8 41. Qa1+
Kg8 42. Rxc5 exf2 43. Nc6 Re8 44. Qf1 Ne5 45. Nd4 Nxc6 46. Rxc6 Re1 0-1

[Event "SportAccord Blitz Men 2013"]
[Site "Beijing CHN"]
[Date "2013.12.15"]
[Round "11.1"]
[White "Grischuk, Alexander"]
[Black "Aronian, Levon"]
[Result "1/2-1/2"]
[WhiteTitle "GM"]
[BlackTitle "GM"]
[WhiteElo "2783"]
[BlackElo "2803"]
[WhiteFideId "4126025"]
[BlackFideId "13300474"]
[EventDate "2013.12.14"]

1. e4 e5 2. Nf3 Nc6 3. Bb5 Nf6 4. O-O Nxe4 5. d4 Nd6 6. Bxc6 dxc6 7. dxe5 Nf5 8.
Qxd8+ Kxd8 9. Nc3 Bd7 10. Ne2 Kc8 11. Ng5 Be8 12. Ng3 Nh4 13. Be3 b6 14. f4 Ng6
15. Rae1 c5 16. Bc1 h6 17. Nf3 Ne7 18. f5 Nc6 19. Nh5 f6 20. Nf4 fxe5 21. Ne6
Bf7 22. Nxe5 Nxe5 23. Rxe5 Bd6 24. Ree1 Rg8 25. f6 g5 26. Ng7 Kb7 27. Nf5 Bf8
28. Ne7 Rh8 29. b3 Re8 30. Bb2 Rh7 31. Re3 c4 32. b4 c3 33. Bxc3 Bxa2 34. Rfe1
Bc4 35. Re4 b5 36. Re5 a6 37. g4 h5 38. h3 hxg4 39. hxg4 Bxe7 40. Rxe7 Reh8 41.
Rxh7 Rxh7 42. Re5 Rh3 43. Bd2 Rg3+ 44. Kf2 Rxg4 45. Bxg5 Rd4 46. Ke3 Rd1 47. Rf5
Rd7 48. Bf4 Be6 49. Re5 Bf7 50. Rc5 c6 51. Be5 Rd5 52. Rxd5 cxd5 53. Kd4 Kc6 54.
c3 Be6 55. Bg3 Bf7 56. Ke5 Kd7 57. Bf2 Kc6 58. Bd4 Kd7 59. Kf5 Kd6 60. Bc5+ Kd7
61. Ke5 Kc6 1/2-1/2

[Event "SportAccord Blitz Men 2013"]
[Site "Beijing CHN"]
[Date "2013.12.15"]
[Round "11.2"]
[White "Nepomniachtchi, Ian"]
[Black "Le, Quang Liem"]
[Result "1-0"]
[WhiteTitle "GM"]
[BlackTitle "GM"]
[WhiteElo "2721"]
[BlackElo "2703"]
[WhiteFideId "4168119"]
[BlackFideId "12401137"]
[EventDate "2013.12.14"]

1. e4 e5 2. Nf3 Nc6 3. d4 exd4 4. Nxd4 Bc5 5. Nb3 Bb6 6. Nc3 Nf6 7. Qe2 O-O 8.
Bg5 Nd4 9. Qd3 Nxb3 10. cxb3 Bxf2+ 11. Ke2 h6 12. Bxh6 gxh6 13. Kxf2 Ng4+ 14.
Ke1 Qh4+ 15. g3 Qf6 16. Qd2 Re8 17. Bd3 c6 18. Rf1 Qg7 19. Qf4 d5 20. Kd2 dxe4
21. Bxe4 Be6 22. Rae1 Nxh2 23. Rh1 Ng4 24. Kc2 Rad8 25. Kb1 Qg5 26. Qf3 Rd2 27.
Bc2 Rf2 28. Qd3 Nf6 29. g4 Rd2 30. Qg3 Red8 31. Re5 Qxg4 32. Qe3 Qg7 33. Rxe6
fxe6 34. Rg1 Rg2 35. Qxe6+ Kf8 36. Rxg2 Qxg2 37. Qxf6+ Ke8 38. Qe6+ Kf8 39. Qf6+
Ke8 40. Bg6+ Kd7 41. Bf5+ Ke8 42. Qe5+ Kf8 43. Qf6+ Ke8 44. a3 Qg5 45. Qe6+ Kf8
46. Ka2 Kg7 47. Ne4 Qh4 48. Qg6+ Kf8 49. Be6 Qf4 50. Nf6 Ke7 51. Qf7+ Kd6 52.
Ne8+ Ke5 53. Qc7+ Kxe6 54. Qxf4 Rxe8 55. Qe3+ Kd7 56. Qxa7 Kc7 57. Qa5+ Kd7 58.
Qb4 Kc8 59. Qf4 Re6 60. b4 b5 61. Qf7 Rd6 62. b3 Rd2+ 63. Kb1 Rd6 64. a4 Rd7 65.
Qf8+ Kc7 66. axb5 cxb5 67. Qc5+ 1-0

[Event "SportAccord Blitz Men 2013"]
[Site "Beijing CHN"]
[Date "2013.12.15"]
[Round "11.3"]
[White "Mamedyarov, Shakhriyar"]
[Black "Kamsky, Gata"]
[Result "1/2-1/2"]
[WhiteTitle "GM"]
[BlackTitle "GM"]
[WhiteElo "2757"]
[BlackElo "2721"]
[WhiteFideId "13401319"]
[BlackFideId "2000024"]
[EventDate "2013.12.14"]

1. d4 Nf6 2. c4 e6 3. Nc3 Bb4 4. Qc2 c5 5. dxc5 Bxc5 6. Nf3 Nc6 7. Bf4 O-O 8. e3
b6 9. a3 Bb7 10. Rd1 Nh5 11. Bg3 Be7 12. Qd3 Nf6 13. Be2 a6 14. Ng5 Ra7 15. h4
h6 16. Nge4 Nxe4 17. Nxe4 Ba8 18. h5 f5 19. Nd6 Bf6 20. Qc2 Qe7 21. c5 bxc5 22.
O-O c4 23. Bxc4 Ne5 24. Nxf5 Qe8 25. Bxe5 Bxe5 26. Ng3 Rc7 27. f4 Qc8 28. fxe5
Rxf1+ 29. Rxf1 Rxc4 30. Qg6 Rc2 31. e4 Rc1 32. Qf7+ Kh7 33. Rxc1 Qxc1+ 34. Kh2
Bc6 35. Qg6+ Kh8 36. Qe8+ Kh7 37. Qg6+ Kh8 38. Qe8+ 1/2-1/2

[Event "SportAccord Blitz Men 2013"]
[Site "Beijing CHN"]
[Date "2013.12.15"]
[Round "11.4"]
[White "Wang, Yue"]
[Black "Leko, Peter"]
[Result "1/2-1/2"]
[WhiteTitle "GM"]
[BlackTitle "GM"]
[WhiteElo "2723"]
[BlackElo "2730"]
[WhiteFideId "8601429"]
[BlackFideId "703303"]
[EventDate "2013.12.14"]

1. c4 c5 2. g3 g6 3. Bg2 Bg7 4. Nc3 Nc6 5. Nf3 d6 6. O-O e6 7. a3 Nge7 8. Rb1
O-O 9. b4 b6 10. Bb2 Bb7 11. b5 Na5 12. d3 d5 13. Nd2 Qd7 14. Qc2 Rad8 15. Rbd1
Nf5 16. Ncb1 Nd4 17. Bxd4 Bxd4 18. Nb3 Nxb3 19. Qxb3 h5 20. cxd5 exd5 21. e3 Bg7
22. d4 cxd4 23. exd4 Rc8 24. Rd3 Rc4 25. Nd2 Rxd4 26. Rd1 Rc8 27. a4 Qf5 28. Nf1
Rxd3 29. Qxd3 Qxd3 30. Rxd3 Rc4 31. Ne3 Rc1+ 32. Rd1 Rxd1+ 33. Nxd1 Bd4 34. Kf1
Kf8 35. Ne3 Bxe3 36. fxe3 Ke7 37. Ke2 Kd6 38. Kd3 Kc5 39. Bh3 f5 40. Kc3 Bc8 41.
Bf1 Be6 42. h4 Bf7 43. Be2 Be6 44. Bf1 Bd7 45. Be2 Be8 46. Bf1 Bd7 47. Be2 Bc8
48. Bf1 Be6 1/2-1/2

[Event "SportAccord Blitz Men 2013"]
[Site "Beijing CHN"]
[Date "2013.12.15"]
[Round "11.5"]
[White "Ivanchuk, Vassily"]
[Black "Wang, Hao"]
[Result "1-0"]
[WhiteTitle "GM"]
[BlackTitle "GM"]
[WhiteElo "2731"]
[BlackElo "2735"]
[WhiteFideId "14100010"]
[BlackFideId "8602883"]
[EventDate "2013.12.14"]

1. e4 c6 2. d4 d5 3. e5 Bf5 4. Nd2 e6 5. Nb3 Nd7 6. Nf3 Bg6 7. Be3 Ne7 8. Bd3
Nf5 9. O-O Be7 10. c3 O-O 11. Bf4 c5 12. g4 Nxd4 13. cxd4 Bxd3 14. Qxd3 c4 15.
Qe3 cxb3 16. Qxb3 Qb6 17. Rfc1 Rfc8 18. Qxb6 Nxb6 19. Rxc8+ Rxc8 20. Rc1 Rc6 21.
Kf1 Kf8 22. b3 Ke8 23. Rxc6 bxc6 24. Bg5 f6 25. Be3 Nd7 26. exf6 gxf6 27. Ke2 a6
28. Ne1 e5 29. Nd3 Kf7 30. h3 Bd6 31. f3 Nf8 32. dxe5 fxe5 33. Bc5 Ke6 34. Bxd6
Kxd6 35. f4 e4 36. Ne5 d4 37. Nc4+ Kd5 38. f5 h6 39. h4 Nh7 40. Kf2 d3 41. Ke3
Nf6 42. g5 hxg5 43. hxg5 Ng4+ 44. Kf4 Ne5 45. g6 Nd7 46. Kg5 Kd4 47. g7 1-0